000
00312nam a22001337a 4500
008
181205b xxu||||| |||| 00| 0 eng d
020
_a
9780312570927
041
_a
eng
080
_a
820
100
_a
21
101
_a
GJL
245
_a
Practical Argument A Text and Anthology
_c
Kirszner,L.G
942
_2
udc
_c
BK
999
_c
52879
_d
52879